| 000 | 01108cam a22003134a 4500 | ||
|---|---|---|---|
| 001 | 12441787 | ||
| 005 | 20170105102920.0 | ||
| 008 | 010614s2002 ctu b 000 0 eng | ||
| 010 | _a 2001036313 | ||
| 020 | _a0275974278 (alk. paper) | ||
| 040 |
_aDLC _cDLC _dDLC |
||
| 042 | _apcc | ||
| 043 | _an-us--- | ||
| 050 | 0 | 0 |
_aUA23 _b.C67 2002 |
| 082 | 0 | 0 |
_a355/.033073 _221 |
| 100 | 1 | _aCordesman, Anthony H. | |
| 245 | 1 | 0 |
_aTerrorism, asymmetric warfare, and weapons of mass destruction : _bdefending the U.S. homeland / _cby Anthony H. Cordesman. |
| 260 |
_aWestport, Conn. : _bPraeger, _cc2002. |
||
| 300 |
_ax, 448 p. ; _c24 cm. |
||
| 504 | _aIncludes bibliographical references. | ||
| 650 | 0 |
_aTerrorism _zUnited States _xPrevention. |
|
| 650 | 0 |
_aAsymmetric warfare _zUnited States. |
|
| 650 | 0 | _aWeapons of mass destruction. | |
| 651 | 0 |
_aUnited States _xDefenses. |
|
| 651 | 0 |
_aUnited States _xMilitary policy. |
|
| 906 |
_a7 _bcbc _corignew _d1 _eocip _f20 _gy-gencatlg |
||
| 942 |
_2ddc _cBK |
||
| 999 |
_c15520 _d15520 |
||